Video Field Production (Record no. 7532)

MARC details
000 -LEADER
fixed length control field 00977nam a2200169 4500
020 ## - INTERNATIONAL STANDARD BOOK NUMBER
ISBN 9781559344449
050 ## - CALL NUMBER
Classification number PN1992.94
Item number .W47
100 ## - AUTHOR
Personal name Whittaker Ron(ed.)
245 ## - TITLE
Title Video Field Production
Statement of responsibility, etc Ron Whittaker
250 ## - EDITION
Edition statement 2nd Ed.
260 ## - PUBLICATION INFORMATION
Place of publication Mountain View, Ca. :
Name of publisher Mayfield Pub. Co.,
Year of publication 1996
300 ## - DESCRIPTION
Number of Pages xvi, 407 pages,
Other physical details 4 unnumbered pages of plates : illustrations (some color) ;
Dimensions 24 cm
500 ## - NOTES
General note Includes Index
505 ## - FORMATTED CONTENTS NOTE
Table of Content Video field production today --<br/>Scripts, budgets and preproduction --<br/>The mysteries of luminance and chrominance --<br/>Camera lenses and their effects --<br/>Cameras and mounting equipment --<br/>Composition and graphics --<br/>Lighting --<br/>Audio --<br/>Video recording --<br/>News and documentary production --<br/>Principles of editing --<br/>Editing techniques --<br/>Directing and multiple camera field production --<br/>Legal and ethical guidlines --<br/>Allied fields and careers.
650 ## - SUBJECTS
Topical Term Video recordings -- Production and direction.
942 ## - ADDED ENTRY ELEMENTS (KOHA)
Koha item type Books
Holdings
Withdrawn status Lost status Home library Current library Shelving location Date acquired Full call number Accession Number Koha item type
    Methodist University Library Main Methodist University Library Main General Stacks 26/05/2006 PN1992.94 .W47 26516 Books
Copyright © 2026  MUG Library